Perfil Estadístico Básico. Año 1989
Guardado en:
| Autores Corporativos: | , |
|---|---|
| Formato: | Libro |
| Lenguaje: | español |
| Publicado: |
Valparaíso
Universidad Católica de Valparaíso
1990
|
| Edición: | 1a. ed |
| Materias: | |
| Etiquetas: |
Agregar Etiqueta
Sin Etiquetas, Sea el primero en etiquetar este registro!
|
MARC
| LEADER | 00000cam a2200000 a 4500 | ||
|---|---|---|---|
| 001 | UCJ8207 | ||
| 003 | CL-VaPUC | ||
| 008 | 070124e19900511CL |||||||||||||||||spa|d | ||
| 082 | 0 | 4 | |a 378 |b UNI |2 21 |
| 110 | 2 | |a Universidad Católica de Valparaíso |e author |9 516937 | |
| 710 | 2 | |a Vicerrectoría de Desarrollo |e author |9 516938 | |
| 245 | 1 | 0 | |a Perfil Estadístico Básico. Año 1989 |
| 250 | |a 1a. ed | ||
| 300 | |a 80 p | ||
| 942 | |c BK | ||
| 945 | |d 20070124 00:00:00 |a rinostro | ||
| 260 | |a Valparaíso |b Universidad Católica de Valparaíso |c 1990 | ||
| 650 | 0 | |a Universidades chilenas |9 407335 | |
| 650 | 0 | |a Archivo histórico PUCV |9 255554 | |
| 650 | 0 | |a Estadística |9 259535 | |
| 583 | |a last modification |c 20130606 11:47:37 |k Rodrigo Vera | ||
| 999 | |c 323996 |d 323994 | ||
| 952 | |0 0 |1 0 |4 0 |6 378_000000000000000_UNI_1990 |7 0 |8 X |9 403878 |a FDOBUD |b FDOBUD |d 2019-11-22 |i 1074423 |o 378 UNI 1990 |p 1074423 |r 2019-11-22 |w 2019-11-22 |y BK_X |k FHP | ||
| 952 | |0 0 |1 0 |4 0 |6 378_000000000000000_UNI_1990 |7 0 |8 X |9 403879 |a FDOBUD |b FDOBUD |d 2019-11-22 |i 497753K |o 378 UNI 1990 |p 497753K |r 2019-11-22 |w 2019-11-22 |y BK_X |k FHP | ||